Διόνυσος : ιστορία της λατρείας του Βάκχου
Αποθηκεύτηκε σε:
| Κύριος συγγραφέας: | |
|---|---|
| Άλλοι συγγραφείς: | |
| Μορφή: | Βιβλίο |
| Γλώσσα: | Greek French |
| Δημοσίευση: |
Αθήνα :
Κλειώ,
1985.
|
| Θέματα: | |
| Ετικέτες: |
Προσθήκη ετικέτας
Δεν υπάρχουν, Καταχωρήστε ετικέτα πρώτοι!
|
MARC
| LEADER | 00000cam a2200000 i 4500 | ||
|---|---|---|---|
| 001 | 1/71077 | ||
| 008 | 960311s1985 gr | ||| |||| ||gre|| | ||
| 035 | |a 1990 |b 1 |c Δωρεά |l 10030841 | ||
| 040 | |a GR-MY-UA |b gre |e aacr | ||
| 041 | 1 | |a gre |h fre | |
| 082 | 7 | |a 292.08 |2 (22) | |
| 100 | 1 | |a Jeanmaire, H. |q (Henri) | |
| 245 | 1 | 0 | |a Διόνυσος : |b ιστορία της λατρείας του Βάκχου / |c H. Jeanmaire ; μετάφραση υπό Αρτέμιδος Μερτάνη-Λίζα. |
| 260 | |a Αθήνα : |b Κλειώ, |c 1985. | ||
| 300 | |a 636 σ. : |b εικ. ; |c 24 εκ. | ||
| 500 | |a Μετάφραση του: Dionysos : histoire du culte de Bacchus : l'orgiasme dans l'antiquite et les temps modernes, origine du theatre en Grece, orphisme et mystique dionysiaque, evolution du dionysisme apres Alexandre / | ||
| 505 | 0 | |a Τα όργια κατά την αρχαιότητα και τους νέους χρόνους. - Καταγωγή του θεάτρου εις την Ελλάδα. - Ορφισμός και Διονυσιακός μυστικισμός. - Η διάδοσις της Διονυσιακής λατρείας μετά τον Μ.Αλέξανδρον. | |
| 650 | 0 | 0 | |a Dionysia. |
| 650 | 0 | 0 | |a Greek drama (Satyr play) |
| 700 | 1 | |a Μερτάνη-Λίζα, Άρτεμις, |e trlf | |
| 852 | |a INST |b LESVOS |e 20060112 |h 292.08 JEA |p 005100033893 |q 005100033893 |t BK |y 0 | ||
| 852 | |a INST |b RHODES |e 19960311 |h 292.08 JEA |p 005400004167 |q 005400004167 |t BK |y 0 | ||
| 901 | |a BIBL-2006-1 | ||
| 909 | |a Ρ |b 017394 | ||
| 909 | |a Λ |b 124548 | ||
| 920 | |a ΕΠΕΑΕΚ ΚΟΙΝΩΝΙΚΗΣ ΑΝΘΡΩΠΟΛΟΓΙΑΣ |y Λέσβος |z 2005-11 | ||
| 970 | |z 1996/03 | ||